Statistics for Languages in Google Translate

Click here to take the quiz!

General Stats

  • This quiz has been taken 24 times
  • The average score is 92 of 132

Answer Stats

CountryLanguage% Correct
Saudi ArabiaArabic
100%
DenmarkDanish
100%
NetherlandsDutch
100%
United KingdomEnglish
100%
FranceFrench
100%
GermanyGerman
100%
GreeceGreek
100%
VietnamHmong
100%
IrelandIrish
100%
ItalyItalian
100%
NorwayNorwegian
100%
PolandPolish
100%
RomaniaRomanian
100%
SerbiaSerbian
100%
swedenSwedish
100%
ThailandThai
100%
TurkiyeTurkish
100%
UkraineUkrainian
100%
ArmeniaArmenian
95%
AzerbaijanAzerbaijani
95%
BelarusBelarusian
95%
BulgariaBulgarian
95%
ChinaChinese
95%
CroatiaCroatian
95%
CzechiaCzech
95%
EstoniaEstonian
95%
FinlandFinnish
95%
GeorgiaGeorgian
95%
IndiaHindi
95%
JapanJapanese
95%
CambodiaKhmer
95%
South KoreaKorean
95%
LatviaLatvian
95%
LithuaniaLithuanian
95%
NepalNepali
95%
PortugalPortuguese
95%
RussiaRussian
95%
SlovakiaSlovak
95%
SpainSpanish
95%
AlbaniaAlbanian
90%
Bosnia and HerzegovinaBosnian
90%
IsraelHebrew
90%
HungaryHungarian
90%
IcelandIcelandic
90%
KazakhstanKazakh
90%
KyrgyzstanKyrgyz
90%
LaosLao
90%
North MacedoniaMacedonian
90%
MalaysiaMalay
90%
MongolianMongolian
90%
IranPersian
90%
SamoaSamoan
90%
SloveniaSlovenian
90%
SomaliaSomali
90%
TurkmenistanTurkmen
90%
VietnamVietnamese
90%
BangladeshBangla
85%
SpainCatalan
85%
IndonesiaIndonesian
85%
LuxembourgLuxembourgish
85%
MaltaMaltese
85%
New ZealandMaori
85%
TajikistanTajik
85%
PakistanUrdu
85%
UzbekistanUzbek
85%
South AfricaZulu
85%
South AfricaAfrikaans
80%
IraqCentral Kurdish
80%
TurkiyeKurdish
80%
AfghanistanPashto
80%
United KingdomScottish Gaelic
80%
IndiaTamil
80%
United KingdomWelsh
80%
ItalyLatin
75%
IsraelYiddish
75%
EthiopiaAmharic
70%
MyanmarBurmese
70%
HaitiHaitian Creole
70%
South AfricaXhosa
70%
SpainBasque
65%
IndiaGujarati
65%
RwandaKinyarwanda
65%
TanzaniaSwahili
65%
NigeriaIgbo
60%
IndonesiaJavanese
60%
MadagascarMalagasy
60%
PakistanPunjabi
60%
RussiaTatar
60%
IndiaMalayalam
55%
ChinaUyghur
55%
NigeriaYoruba
55%
PhilippinesCebuano
50%
ParaguayGuarani
50%
NigeriaHausa
50%
IndiaKannada
50%
IndiaMarathi
50%
EthiopiaOromo
50%
PeruQuechua
50%
Sri LankaSinhala
50%
EritreaTigrinya
50%
PeruAymara
45%
SpainGalician
45%
United StatesHawaiian
40%
PhilippinesTagalog
40%
IndiaTelugu
40%
IndiaAssamese
35%
FranceCorsican
35%
IndiaMaithili
35%
BotswanaNorthern Sotho
35%
IndiaSanskrit
35%
ZimbabweShona
35%
South AfricaSouthern Sotho
35%
IndonesiaSundanese
35%
IndiaSindhi
30%
IndiaBhojpuri
25%
MaldivesDhivehi
25%
PolandEsperanto
25%
UgandaGanda
25%
D. R. CongoLingala
25%
IndiaOdia
25%
MaliBambara
20%
GhanaEwe
20%
NetherlandsWestern Frisian
20%
GhanaAkan
15%
IndiaDogri
15%
Sierra LeoneKrio
15%
South AfricaTsonga
15%
IndiaManipuri
10%
IndiaMizo
10%
IndiaGoan Konkani
5%
ZambiaNyanja
5%
PhilippinesIloko
0%

Score Distribution

Percentile by Number Answered

Percent of People with Each Score

Your Score History

You have not taken this quiz